01738cam a22003135a 45000010009000000050017000090080041000260200018000670200015000850400038001000820023001381000029001612450098001902600043002883000035003314900033003665000024003995040042004235050425004656500053008906500040009436500052009836510010010356530025010457760167010709420008012379990017012459520162012621818243920161122103350.0140606t2014 njua frb 001 0 eng d a9781118772218 a1118772210 aDNLM/DLCbengcDLCdDLCdEG-ScBUE04a362.10684222bMAD1 aMadsen, Laura B.,d1973-10aData-driven healthcare :bhow analytics and BI are transforming the industry /cLaura Madsen. aHoboken :bJohn Wiley & Sons,cc.2014. axvii, 198 p. :bill. ;c24 cm.0 aWiley & SAS business series. aIndex : p. 189-198. aIncludes bibliographical references. 0 aWhat does data mean to you? -- What happens when you use data to transform an industry? -- How the lack of data standardization impedes data driven healthcare -- Adopting your data warehouse for the next step in BI maturity -- Creating a data driven healthcare organization -- Applying 'big data' to change healthcare -- Making data consumable -- Data privacy and confidentiality : a brave new world -- A call to action. 7aHealth insurancezUnited StatesxFinance.2BUEsh 7aBusiness intelligence.2BUEsh93881 7aMedical economicszUnited States.2BUEsh929095 2BUEsh bCOMSCIcNovember201608iOnline version:aMadsen, Laura B., 1973- author.tData-driven healthcaredHoboken, New Jersey : John Wiley and Sons, Inc., [2014]z9781118973882w(DLC) 2014022945 2ddc c23245d23217 00102ddc40708BaccahaMAINbMAINc1STd2016-11-22ePurchaseg650.00h2000088l1m14o362.10684 MADp000034944r2025-07-15 00:00:00s2023-02-15v812.50yBB